Las radios universitarias, más allá de la radio. Las TIC como recursos de interacción radiofónica. (Record no. 65142)

MARC details
000 -LEADER
campo de control de longitud fija 00629nmm a2200181Ia 4500
008 - DATOS DE LONGITUD FIJA--INFORMACIÓN GENERAL
campo de control de longitud fija 251105s9999||||xx |||||||||||||||||und||
020 ## - NÚMERO INTERNACIONAL ESTÁNDAR DEL LIBRO
Número Internacional Estándar del Libro 9788497889896
041 ## - CÓDIGO DE IDIOMA
Código de lengua del texto/banda sonora o título independiente spa
100 ## - ENTRADA PRINCIPAL--NOMBRE DE PERSONA
Nombre de persona Espino Narváez, Cinta
245 #0 - MENCIÓN DEL TÍTULO
Título Las radios universitarias, más allá de la radio. Las TIC como recursos de interacción radiofónica.
264 ## - PRODUCCIÓN, PUBLICACIÓN, DISTRIBUCIÓN, FABRICACIÓN Y COPYRIGHT
Producción, publicación, distribución, fabricación y copyright [Madrid, España] :
Nombre del de productor, editor, distribuidor, fabricante Universitat Oberta de Catalunya,
Fecha de producción, publicación, distribución, fabricación o copyright 2012
300 ## - DESCRIPCIÓN FÍSICA
Extensión 298 páginas
650 ## - PUNTO DE ACCESO ADICIONAL DE MATERIA--TÉRMINO DE MATERIA
Término de materia o nombre geográfico como elemento de entrada Media Studies (Journ., TV, etc)
700 ## - ENTRADA AGREGADA--NOMBRE PERSONAL
Nombre de persona Espino Narváez, Cinta
700 1# - ENTRADA AGREGADA--NOMBRE PERSONAL
Nombre de persona Martín Pena, Daniel
856 ## - LOCALIZACIÓN Y ACCESO ELECTRÓNICOS
Identificador Uniforme de Recursos <a href="https://public.digitaliapublishing.com/a/20366">https://public.digitaliapublishing.com/a/20366</a>
942 ## - ELEMENTOS DE ENTRADA SECUNDARIOS (KOHA)
Tipo de ítem Koha Libro Digital

No items available.

Powered by Koha